Laser diffraction : A new tool for identification and studies of the physiological effctors involved in aggregation-coagulation of rubber particles from Hevea latex (Record no. 61961)

MARC details
000 -LEADER
fixed length control field 00700nam a2200181Ia 4500
100 ## - MAIN ENTRY--AUTHOR NAME
Personal name Herve C
245 #0 - TITLE STATEMENT
Title Laser diffraction : A new tool for identification and studies of the physiological effctors involved in aggregation-coagulation of rubber particles from Hevea latex
260 ## - PUBLICATION, DISTRIBUTION, ETC. (IMPRINT)
Name of publisher Biotechnology and Rubber Tree : Proceedings of IRRDB Symposium 25-28 September 2001. CIRAD-CP/Rubber Programme, Montpellier, France
650 ## - SUBJECT ADDED ENTRY--TOPICAL TERM
Topical Term Aggregation-coagulation
650 ## - SUBJECT ADDED ENTRY--TOPICAL TERM
Topical Term Hevea latex
650 ## - SUBJECT ADDED ENTRY--TOPICAL TERM
Topical Term Laser diffraction
650 ## - SUBJECT ADDED ENTRY--TOPICAL TERM
Topical Term Physiological effectors
700 ## - ADDED ENTRY--PERSONAL NAME
Personal name Jean-Yves L
700 ## - ADDED ENTRY--PERSONAL NAME
Personal name Noirot M
700 ## - ADDED ENTRY--PERSONAL NAME
Personal name Panida K
942 ## - ADDED ENTRY ELEMENTS (KOHA)
Koha item type Journals
Holdings
Withdrawn status Lost status Damaged status Not for loan Home library Current library Shelving location Date acquired Koha item type
      Journals RRII Library RRII Library Physiology 01/01/2021 Journals